00297nam a2200109 a 4500008004100000050001600041100002200057245003300079246005700112260000900169350000900178120416s1992 xx |||||||||||||| || u aNA 9031 Tib aTibbalds, Francis10aMaking people-friendly towns aimproving the public environment in towns and cities c1992 a0.00